000 00440nam a2200145 a 4500
005 20140412111432.0
008 131010s19uu xx 00 eng d
020 _a97807120542
050 _aREF 030
_bNew42 2008
245 _aNew book of knowledge (The):
_breading and study guides.
260 _aDanbury, Connecticut :
_bScholastic, Inc,
_cc2008.
300 _ap274
650 _aEncyclopedia-
_xreading and study guides
999 _c106399
_d106399